000
00269nam a22000857a 4500
008
170821b xxu||||| |||| 00| 0 eng d
100
_a
Williams, L. N. & M.
245
_a
A Century of Stamp Production
650
_a
Great Britain | Printers | Production | Waterlow & Sons Limited
999
_c
2482
_d
2482